| 000 | 01014cam a2200289 a 4500 | ||
|---|---|---|---|
| 999 |
_c21344 _d21344 |
||
| 001 | 652910 | ||
| 003 | OSt | ||
| 005 | 20170121113351.0 | ||
| 008 | 940708s1995 nyua 001 0 eng | ||
| 010 | _a 94022628 | ||
| 020 | _a0866362320 | ||
| 040 |
_aDLC _cDLC _dDLC |
||
| 050 | 0 | 0 | _aNC998.4 .Q66 1995 |
| 082 | 0 | 0 |
_a741.6 _220 |
| 100 | 1 |
_aQuon, Mike. _d1995 |
|
| 245 | 1 | 0 |
_aCorporate graphics / _cMike Quon & Graphic Design, USA. |
| 260 |
_aGlen Cove, NY : _bLibrary of Applied Design, _c1995. |
||
| 300 |
_a239 p. : _b ill. ; _c28 cm. |
||
| 500 | _aIncludes index. | ||
| 650 | 0 | _aCommercial art. | |
| 650 | 0 | _aGraphic arts. | |
| 710 | 2 | _aGraphic Design: USA (Firm) | |
| 906 |
_a7 _bcbc _corignew _d1 _eocip _f19 _gy-gencatlg |
||
| 942 |
_2lcc _cBOOKS _hNC998.4 .Q66 1995 _k29240 |
||